| 000 | 00871nam a2200205Ia 4500 | ||
|---|---|---|---|
| 003 | Ost | ||
| 005 | 20260507075559.0 | ||
| 008 | 260507s9999||||xx |||||||||||||| ||und|| | ||
| 040 | _cfsecg | ||
| 041 | _aara | ||
| 082 | _a600 | ||
| 100 |
_aزهران، مضر _eمؤلف |
||
| 245 | 0 |
_aادارة المستشفيات والرعاية الصحية / _c مضر زهران |
|
| 260 |
_aعمان: _bدار زهران للنشر والتوزيع, _c2006 |
||
| 300 |
_a424 صفحة؛ _bإيضاحات ؛ _c24 سم |
||
| 520 | _aادارة المستشفيات , المهارات الادارية, مناطق الخدمات المتخصصة خدمات الطوارئ اضافة الى الموارد البشرية و ادارتها و اخيرا المالية. | ||
| 653 | _aادارة المستشفيات | ||
| 653 | _aالرعاية الصحية | ||
| 942 | _cكتاب | ||
| 999 |
_c44992 _d44992 |
||